Evolučná optimalizačná metóda ACO: analýza a využitie

Guardado en:
Detalles Bibliográficos
Autor principal: Motyčáková, Annamária (Autor)
Otros Autores: Dúbravská, Mária (Orientador)
Formato: Manuscrito Libro
Lenguaje:eslovaco
Publicado: 2016
Materias:
Acceso en línea:http://is.stuba.sk/zp/portal_zp.pl?podrobnosti=125917
Etiquetas: Agregar Etiqueta
Sin Etiquetas, Sea el primero en etiquetar este registro!

MARC

LEADER 00000ntm a22000003a 4500
001 stuzp55109
003 SK-STU
005 20160802123726.7
007 ta
008 150427s2015----xo-----f-mn---000-0-slo-d
040 |a STU  |b slo 
041 0 |a slo 
044 |a xo 
100 1 |a Motyčáková, Annamária  |u 031000  |4 aut  |U FEI Fakulta elektrotechniky a informatiky  |T FEI Ústav robotiky a kybernetiky  |X 62745  |U E011  |Y 356  |7 62745 
242 0 1 |a Evolutionary optimization method ACO: analysis and application  |y eng 
245 1 0 |a Evolučná optimalizačná metóda ACO: analýza a využitie 
260 |c 2016 
300 |a 44 s., príl.,  |b CD-ROM 
650 4 |a ACO  |2 slo 
650 4 |a genetické algoritmy  |2 slo 
650 4 |a Matlab  |2 slo 
650 4 |a evolučné algoritmy  |2 slo 
650 4 |a Matlab  |2 eng 
650 4 |a ACO  |2 eng 
650 4 |a genetic algorithms  |2 eng 
650 4 |a evolutionary algorithms  |2 eng 
700 1 |a Dúbravská, Mária  |u 031000  |k Z1  |4 ths  |U FEI Fakulta elektrotechniky a informatiky  |T FEI Ústav robotiky a kybernetiky  |X 4931  |U E011  |Y 356  |7 A000004931 
856 4 |u http://is.stuba.sk/zp/portal_zp.pl?podrobnosti=125917 
996 |b 284ER02107  |c E*Bc- 2107  |l EE31  |s P  |a 0  |w stuzp55109_0001 
SQL |a stuzp55109  |b DBP  |c SLO  |d Evolučná optimalizačná metóda ACO: analýza a využitie  |e 62745  |f Motyčáková, Annamária  |g 031000  |h 4931  |i Dúbravská, Mária  |j 20160706  |k 1166  |l 03  |m http://is.stuba.sk/zp/portal_zp.pl?podrobnosti=125917  |n B-RK  |o 9.2.7. kybernetika